| 000 | 00422cam a2200181 4500 | ||
|---|---|---|---|
| 001 | D12878 | ||
| 008 | 090401t1929 xxu||||| |||| 00| 0 eng d | ||
| 035 | _a(Sirsi) u6458 | ||
| 041 | _aeng | ||
| 100 | _aHaines, A.H. | ||
| 245 | _aSurveying for agricultural students land agents and farmers | ||
| 250 | _a2nd | ||
| 260 |
_bLongmans _c1929 |
||
| 350 | _a0 | ||
| 520 | _aShelf 181 | ||
| 942 | _n0 | ||
| 948 | _c04/03/1997 | ||
| 999 |
_c86312 _d86312 |
||